00862nam a2200205 a 450000100100000000500170001000800410002702000150006804000250008310000360010824500540014426000430019830000390024150000310028050400730031150500430038495201060042795201060053399900170063900004199920201002035857.0131029s1972 sp ab 000 0 spa d a842929502X aDO-SdBNPbspacBNPHU1 aAzaola, José Miguel de96894213aVasconia y su destino /cJosé Miguel de Azaola. aMadrid :bRevista de Occidente,c1972. av. (551) p. :bil. mapas ;c24 cm. aLa biblioteca posee el v.1 aIncluye referencias bibliográficas y notas al pie de las páginas2 av. 1tLa regionalización de España 0010507-18MOaGRbGRcOId2013-10-29iLF1l0o p41999-10r2020-06-25w2020-06-25y1ZNo se presta 0010507-18MOaGRbGRcOId2013-10-29iLF1l0o p42000-10r2020-06-25w2020-06-25y1ZNo se presta c41488d41488